00402nam a2200157Ia 4500008004100000020001800041082000800059100001800067245004600085250000600131260003900137300001400176500002400190650001500214700001500229230524s9999 xx 000 0 und d a9789382332237 bKOT aD.P. Kothari  0aLaboratory Manual For Electrical machines a1 aNew DelhibI.K.Internationalc2016 a"X,215p:" aQuantity Number: 1 aElectrical a B.S. Umre